Tatranci vnímajú vyjadrenia ministra Sólymosa k zonácii s rezervou

Bibliographic Details
Corporate Author: Tlačová agentúra Slovenskej republiky (Author)
Format: Article
Language:Slovak
PhysicalDescription:Fotografie
ISSN:2585-7355
Subjects:

MARC

LEADER 00000nab a2200000 4500
001 vtls011977825
003 SK-MaSNL
005 20260426102334.0
008 200701|2019 xo ||||||| ||00 ||slo|
038 |a PPPK 
040 |a PPPKCL  |b slo  |e rda 
041 0 |a slo 
043 |a e-xo--- 
044 |a xo  |c SK 
072 7 |a 502  |x Životné prostredie a jeho ochrana  |2 konspekt 
080 |a 502.17  |2 2011 
080 |a 502.21(1-751.2)  |2 2011 
110 2 |a Tlačová agentúra Slovenskej republiky  |4 aut  |9 177619 
245 0 0 |a Tatranci vnímajú vyjadrenia ministra Sólymosa k zonácii s rezervou  |c [autor] (tasr) 
300 |b Fotografie 
336 |a text  |b txt  |2 rdacontent 
337 |a bez média  |b n  |2 rdamedia 
338 |a zväzok  |b nc  |2 rdacarrier 
600 1 7 |a Sólymos, László,  |d 1968-  |2 SNK  |9 724071 
600 1 7 |a Sýkora, Michal,  |d 1953-  |2 SNK  |9 105790 
610 2 7 |a Oblastná organizácia cestovného ruchu Región Vysoké Tatry  |2 SNK  |9 1097005 
650 0 7 |a ochrana prírody  |2 SNKPH  |9 3778 
650 0 7 |a národné parky  |2 SNKPH  |9 3797 
650 0 7 |a zonácia  |2 SNKPH  |9 765651 
651 7 |a Tatranský národný park (Slovensko)  |2 SNKPHgeo  |9 106968 
651 7 |a Vysoké Tatry (Poľsko a Slovensko : pohorie)  |2 SNKPHgeo  |9 67729 
655 7 |a správy  |2 SNKPH  |9 70563 
773 0 |t Korzár  |g Roč. XXII., č. 189 (15.8.2019), s. 5  |x 2585-7355 
852 |a PPPK  |b KIS3GCP 
958 |a RG 
999 |c 3253521  |d 3255451